00913nam a2200253Ia 450000500170000000800410001702000150005804000570007304100080013024501270013825000120026526000550027730000180033250400220035063000250037265000270039765000400042465000110046465000310047565000250050665000350053170000540056670000390062020260525114532.0130821s1997 ck gr spa  a9586531309 aCo-BoUCMbspacStefania Borbon (Modificó)d[Nuevo]00aspa00aRégimen electoral Colombiano :bcompilación de normas vigentes /ccompilación por José Vicente Barreto Rodríguez a1a. ed. aBogotá (Cundinamarca, Colombia) ;bLegis ,c1997 a438 páginas aIncluye índices aDecreto 2241 de 194604aDerecho constitucional04aEleccionesxLegislaciónzColombia04aEstado04aParticipación política04aPartidos políticos04aPartidos políticoszColombia1 a Barreto Rodríguez, José Vicente ecompilador1 aSantana, Diana Marcelaecompilador